000 00795nam a2200193 4500
001 121723
003 ES-MaACL
005 20260127062544.0
007 t|
008 070214s1947 sp r ||||1| spa d
100 1 _aPlaza, Manuel de la.
_992622
245 1 0 _aJueces y equidad
_b: discurso /
_cleído el día 24 de marzo de 1947, en su recepción pública, por el Excmo. Sr. D. Manuel de la Plaza Navarro, y contestación del Excmo. Sr. D. Eduardo Aunós.
260 _aMadrid :
_b[s. n.],
_c1947 (
_fImp. Viuda de Galo Sèz)
300 _a69 p. ;
_c24 cm.
500 _aPrecede al tít.: Real Academia de Jurisprudencia y Legislación.
700 _aReal Academia de Jurisprudencia y Legislación de España
_9217612
852 _aES-MaACL
_j1866-F-18
_bR.23928
999 _c121723
_d121723